[Event "3rd Yerevan Open-A 2021"]
[Site "Yerevan"]
[Date "2021.10.20"]
[Round "7.2"]
[White "Gukesh D"]
[Black "Puranik, Abhimanyu"]
[Result "0-1"]
[WhiteElo "2640"]
[BlackElo "2568"]
[Annotator "TA"]
[PlyCount "98"]
[EventDate "2021.10.14"]
[EventType "swiss"]
[EventCountry "ARM"]
[SourceTitle "playchess.com"]
[Source "ChessBase"]
[SourceQuality "1"]

{[%evp 15,98,11,23,18,21,17,16,14,17,22,25,19,44,17,50,50,79,84,124,114,127,134,138,116,130,90,91,94,108,94,75,13,14,0,0,0,0,-47,-7,-22,-22,-74,-74,-74,-74,-76,-75,-94,-93,-104,-67,-671,-664,-620,0,-57,-8,-28,0,-8,0,-341,-264,-258,-135,-127,0,-260,-256,-422,-420,-420,-420,-420,-420,-760,-717,-1042,-1019,-5005,-1131,-29993,-29994,-29994,-29995]} 1. d4 Nf6 2. c4 g6 3. Nc3 d5 4. cxd5 Nxd5 5. e4 Nxc3 6. bxc3 Bg7 7. Bb5+ c6 8. Ba4 a5 9. Nf3 {D85: Exchange Grünfeld: Unusual White 7th moves and lines with 7 Nf3.} O-O 10. O-O b5 11. Bb3 {The position is equal.} a4 12. Bc2 c5 13. Rb1 Ba6 {[#]} 14. Bd3 $146 ({Predecessor:} 14. Re1 Nc6 15. e5 cxd4 16. cxd4 Rc8 17. d5 Na5 18. Bg5 Qc7 19. Bd3 Rb8 20. d6 exd6 21. exd6 {1-0 (29) Riazantsev,A (2628)-Lobanov,S (2522) Sochi 2020}) 14... Qd7 15. Ba3 b4 16. cxb4 {b5 is the strong threat.} Bxd3 17. Qxd3 cxd4 18. b5 Rc8 19. e5 $1 Ra7 {White must now prevent ...Rc3.} 20. Rfc1 Rac7 21. Rxc7 ({Much weaker is} 21. Nxd4 $6 Rxc1+ 22. Bxc1 (22. Rxc1 Rxc1+ 23. Bxc1 Bxe5 $17) 22... Bxe5 $11) 21... Rxc7 22. Qe4 ({Much worse is} 22. Nxd4 $6 Bxe5 23. Rd1 Qd8 $11) 22... d3 23. Qxa4 (23. b6 $16 Rc8 24. Rd1) 23... d2 $11 24. Rd1 Bh6 25. h4 Rc1 26. Bxc1 dxc1=Q 27. Rxc1 Bxc1 28. Qc4 (28. Qc2 $11) 28... Qd1+ $17 29. Kh2 Nd7 30. e6 fxe6 31. Qxe6+ Kf8 {Threatens to win with ...Bf4+.} 32. Qc6 Nf6 {aiming for ...Bf4+.} 33. b6 $2 {[%mdl 8192]} (33. Qc4 $15) 33... Bf4+ $19 34. g3 {[#]} Bd6 (34... Qe2 $1 $19 35. Qa8+ (35. gxf4 $2 Qxf2+ 36. Kh3 Qf1+ 37. Kh2 Qe2+ 38. Kh1 Ne4 $19) (35. Nd4 Qxf2+) 35... Kg7) 35. Ng5 ({Better is} 35. Kg2 $1 $11) 35... Qf1 {[%cal Rf6g4]} 36. Ne6+ Kf7 {[%cal Rf6g4]} 37. Ng5+ Kg8 {[%cal Rf6g4]} (37... Kg7 $5 38. Ne6+ $8 Kg8 39. Qa8+ Kf7 40. Nd8+ Kg7 41. Ne6+ Kh6 $11) 38. Qf3 {[%mdl 8192]} (38. Qa8+ $1 $11 {and White has nothing to worry.} Kg7 39. Ne6+ Kh6 40. Qf3 Ng4+ 41. Qxg4 Qxf2+ {[%mdl 64] Double Attack} 42. Kh3 Qf1+ 43. Kh2 Qf2+ {[%mdl 64] Double Attack} 44. Kh3 Qf1+ 45. Kh2 Qf2+ {[%mdl 64] Double Attack}) 38... Bb8 39. Qb3+ Kh8 (39... Kg7 $1 $19 {[%cal Rf6g4]} 40. Qb2 Kh6) 40. Qb2 $17 Kg8 (40... Kg7 $17 41. a4 Kh6 42. Nf7+ Kh5 43. Qb5+ Qxb5 44. axb5 Kg4) 41. Qb3+ $19 {[#]} Kg7 $1 {[%cal Rf6g4]} 42. Ne6+ $2 {[#]} (42. Qb2 {was the only chance.}) 42... Kh8 $1 {[%cal Rf6g4]} 43. Qb2 Kg8 {[%cal Rf6g4]} 44. Qd4 h6 45. b7 {[#]} (45. a4 $142) 45... Ba7 $1 {[%mdl 512] ( -> ...Ng4+!)} 46. g4 (46. Nc5 h5) 46... Bb8+ 47. Nf4 Kh7 (47... Kf7 $142 48. f3 Qxf3 {[%mdl 64] Double Attack}) 48. g5 hxg5 49. hxg5 Nh5 {Weighted Error Value: White=0.68/Black=0.30} 0-1

[Event "3rd Yerevan Open-A 2021"]
[Site "Yerevan"]
[Date "2021.10.20"]
[Round "7.3"]
[White "Petrosian, Tigran L."]
[Black "Shahinyan, David"]
[Result "1/2-1/2"]
[WhiteElo "2562"]
[BlackElo "2469"]
[Annotator "TA"]
[PlyCount "119"]
[EventDate "2021.10.14"]
[EventType "swiss"]
[EventCountry "ARM"]
[SourceTitle "playchess.com"]
[Source "ChessBase"]
[SourceQuality "1"]

{[%evp 12,119,-8,-3,14,-3,0,-54,-9,-18,0,-64,-29,-15,-16,-29,-24,-27,-25,-15,-16,-21,-14,-64,6,15,16,18,24,18,33,30,45,41,39,2,8,5,2,8,7,7,7,0,0,0,0,0,21,21,21,21,21,21,21,21,33,21,54,49,31,12,12,11,14,0,14,13,34,27,83,70,74,68,80,79,71,79,76,36,38,8,10,8,9,2,15,0,0,0,0,0,11,0,12,0,0,0,0,0,0,0,0,0,0,0,0,0,0,0]} 1. e4 e6 2. Qe2 c5 3. Nf3 Nc6 4. g3 g6 5. Bg2 Bg7 6. O-O Nge7 7. c3 {7.c3 scores better than 7.d3.} d5 {C00: French: Unusual White 2nd moves.} 8. e5 O-O {[#]} 9. h4 $146 (9. Na3 $11) ({Predecessor:} 9. d3 b6 10. h4 f6 11. exf6 Bxf6 12. Bh6 Re8 13. Bg5 Nf5 14. Re1 h6 15. Bxf6 Qxf6 16. Ne5 Nxe5 17. Qxe5 Qxe5 18. Rxe5 {1-0 (46) Deac,B (2724)-Poghosyan,S (2517) Chess.com INT 2020}) 9... f6 {Black is slightly better.} 10. exf6 Bxf6 11. c4 ({White should try} 11. d3 $1 $11) 11... Nf5 12. d3 $1 b5 13. cxb5 Ncd4 14. Nxd4 Nxd4 (14... cxd4 $6 15. Nd2 $16) 15. Qd1 Nxb5 16. Nd2 Rb8 17. Nb3 Qd6 (17... c4 $15 18. dxc4 dxc4) 18. Be3 $11 Nd4 (18... Bxb2 $6 19. Bxc5 Qd8 20. Rb1 $16 (20. Bxf8 Bxa1 21. Qxa1 Qxf8 $14)) 19. Nxd4 cxd4 20. Bh6 Rf7 21. Rc1 Ba6 22. Qd2 e5 23. Rfe1 (23. Qa5 $5 {[%cal Rg2d5]} Bb5 24. a4 $11) 23... Bg7 24. Bxg7 Kxg7 25. h5 Rbf8 26. h6+ Kh8 $1 27. Rc2 e4 ({Don't blunder} 27... Rxf2 $2 28. Qxf2 Rxf2 29. Rxf2 $18) 28. dxe4 d3 {[%cal Rd3c2]} ({But not} 28... dxe4 $6 29. Rxe4 d3 30. Qc3+ Kg8 31. Rd2 $16) 29. e5 Qb6 {[#]} 30. e6 $1 Rxf2 31. Qxf2 {White threatens e7 and mate.} dxc2 32. Qxb6 axb6 {[%mdl 4096] Endgame KRB-KRB} 33. e7 {[%cal Re7f8]} ({Not} 33. Bxd5 $2 Rf1+ $1 {[%mdl 512]} 34. Rxf1 Bxf1 $19) 33... Re8 {White must now prevent ...d4.} 34. Bf1 Bc8 35. Bd3 Rxe7 36. Rf1 {[%cal Rf1f8]} Kg8 {And now ...Bf5! would win.} 37. Bxc2 Ba6 38. Rf2 Re5 39. Kg2 Bc4 40. b3 Be2 (40... Ba6 $11) 41. Rf4 Ba6 {[#]} 42. Bd1 $1 Be2 {[#]} 43. Bxe2 Rxe2+ $16 {[%mdl 64] Double Attack. KR-KR} 44. Rf2 Re6 45. g4 d4 46. Rd2 g5 {The position is equal.} 47. Rxd4 Kf7 $1 48. a4 Kg6 49. Rd8 Kxh6 50. b4 Kg7 51. Kf3 Kf6 52. Rb8 h6 53. a5 bxa5 54. bxa5 {Strongly threatening Rb6.} Re1 55. Rf8+ Kg6 {( -> ...Rf1+)} 56. Rd8 Kf6 57. a6 {a7 is the strong threat.} Ra1 58. Ra8 Ra4 59. Ke3 Kg7 60. a7 {Weighted Error Value: White=0.10/Black=0.08} 1/2-1/2

[Event "3rd Yerevan Open-A 2021"]
[Site "Yerevan"]
[Date "2021.10.20"]
[Round "7.4"]
[White "Bharath Subramaniyam H"]
[Black "Sychev, Klementy"]
[Result "1/2-1/2"]
[WhiteElo "2435"]
[BlackElo "2555"]
[Annotator "TA"]
[PlyCount "50"]
[EventDate "2021.10.14"]
[EventType "swiss"]
[EventCountry "ARM"]
[SourceTitle "playchess.com"]
[Source "ChessBase"]
[SourceQuality "1"]

{[%evp 12,50,33,33,35,0,0,0,0,0,1,-7,0,-16,-7,-6,15,0,27,13,55,10,16,19,16,16,19,19,19,20,18,18,17,28,27,23,18,14,4,8,13]} 1. e4 e6 2. d4 d5 3. Nc3 Nf6 4. Bg5 dxe4 5. Nxe4 Be7 6. Bxf6 gxf6 7. Qd2 Nd7 {[%cal Bb8d7,Bd7b6,Bb6c4][%mdl 32] [#] C13: French: Classical System: 4 Bg5 Be7, Alekhine-Chatard Attack.} 8. g3 $146 ({Predecessor:} 8. O-O-O Nb6 9. Nc3 Bd7 10. d5 exd5 11. Nxd5 Be6 12. Nxe7 Qxd2+ 13. Rxd2 Kxe7 14. Nf3 c5 15. Be2 {1-0 (49) Perez Candelario,M (2623)-Tejedor Fuente,E (2457) Marbella 2019}) 8... Nb6 9. Bg2 Bd7 10. Nc3 Nc4 11. Qc1 c6 12. Nge2 Qb6 13. b3 Nd6 14. O-O c5 15. Rd1 cxd4 16. Rxd4 Bc6 17. Bxc6+ Qxc6 18. Rd3 Nf5 19. Qf4 Bd6 20. Qe4 Qxe4 21. Nxe4 O-O-O 22. Nxd6+ ({Don't blunder} 22. Nxf6 $2 Be5 $19) 22... Rxd6 23. Rxd6 Nxd6 24. Rd1 Kd7 25. c4 {[#] Black must now prevent c5.} Ke7 {Weighted Error Value: White=0.07/Black=0.07} 1/2-1/2

[Event "3rd Yerevan Open-A 2021"]
[Site "Yerevan"]
[Date "2021.10.20"]
[Round "7.5"]
[White "Daghli, Arash"]
[Black "Mikaelyan, Arman"]
[Result "0-1"]
[WhiteElo "2427"]
[BlackElo "2487"]
[Annotator "TA"]
[PlyCount "100"]
[EventDate "2021.10.14"]
[EventType "swiss"]
[EventCountry "ARM"]
[SourceTitle "playchess.com"]
[Source "ChessBase"]
[SourceQuality "1"]

{[%evp 17,100,35,54,36,57,0,49,31,40,33,32,31,38,52,40,31,41,5,55,64,86,22,29,14,13,7,12,12,18,4,6,12,50,18,17,0,0,0,0,0,0,0,0,-150,0,0,0,0,0,0,0,0,0,0,51,-85,-84,-70,0,0,0,0,0,0,0,0,0,0,0,0,120,-373,-336,-474,-477,-472,-466,-592,-587,-565,-556,-506,-510,-29969,-5042]} 1. e4 e5 2. Nf3 Nc6 3. Bb5 a6 4. Ba4 Nf6 5. O-O b5 6. Bb3 Bc5 7. a4 Rb8 8. c3 d6 9. d4 Bb6 10. Qd3 {10.a5 is setting a new trend. C78: Ruy Lopez: Archangelsk and Möller Defences.} exd4 11. cxd4 ({Better is} 11. axb5 $14 axb5 12. cxd4) 11... O-O 12. Bg5 {White is slightly better.} h6 13. Bh4 {[#]} Nb4 $146 ({Predecessor:} 13... g5 14. Bg3 Nh5 15. Nc3 Nxg3 16. fxg3 Ne5 17. Qd2 Nc4 18. Bxc4 bxc4 19. h4 Be6 {1-0 (36) Giri,A (2764)-Shirov,A (2649) Chess.com INT 2020}) 14. Qc3 g5 {[#] White must now prevent ...a5.} 15. a5 $1 Ba7 (15... c5 16. axb6) 16. Qxb4 gxh4 17. Re1 c5 18. Qd2 Kg7 19. Nxh4 ({White should try} 19. h3 $16) 19... cxd4 $11 20. Na3 Ng4 21. Nf3 Qf6 22. Nc2 {[%cal Rc2d4]} d3 23. Ne3 Nxe3 24. fxe3 Bg4 25. Rf1 Qf4 $1 26. Nd4 Qxe4 27. Rf4 Qxf4 28. exf4 Bxd4+ 29. Kh1 Bf5 30. Bd5 (30. Qb4 $11 Bxb2 31. Rd1) 30... h5 (30... Rbc8 $1 $17 {[%cal Rc8c2] ...Rc2 is the strong threat.} 31. g4 Rc2 $1) 31. Qb4 Bc5 {[%cal Rc5b4]} 32. Qc3+ f6 33. b4 Be3 {Hoping for ...Rbc8.} 34. Qc7+ Kh6 35. Bf3 ({Avoid the trap} 35. Qxd6 $2 Bd4 $19) 35... Rbc8 (35... d2 $11 36. Rd1 (36. Qxd6 $2 Rbd8 $19) 36... Bxf4) 36. Qe7 (36. Qxd6 $14 {keeps the upper hand.} d2 37. Rd1) 36... Bxf4 $17 {And now ...d2 would win.} 37. g3 {[#]} Rce8 $1 38. Qb7 $11 d2 {Threatens to win with ...Bh3.} 39. Kg2 Re1 40. Qd5 Be6 41. Qd4 Be3 42. Qxd6 Re8 $40 {[%mdl 128] Black has some attack.} (42... Rxa1 $2 {loses.} 43. Qxf8+ Kg6 44. Qe8+ Bf7 45. Qe4+ Kg7 46. Qxe3 $18) 43. Rd1 Kg6 (43... h4 $1 $11 {remains equal.} 44. h3 Kg7) 44. h3 $2 {[%mdl 8192] Now White is beyond hope.} (44. Qd3+ $1 $16 {is forced if you want to stay better.} f5 45. Qd6) 44... Bc4 $1 $19 {[%cal Rc4f1] Strongly threatening ...Bf1+.} 45. Qd7 (45. h4 $142 Re5 46. Qd8) 45... Re5 46. Qd8 Bh6 47. h4 Bf1+ 48. Kh2 {White wants to play Qg8+.} Be2 49. Qg8+ Bg7 50. Qb3 (50. Bxh5+ $19 Bxh5 51. Rxd2) 50... Rxd1 {Weighted Error Value: White=0.50/Black=0.16} (50... Bxf3 $142 51. Qxf3 R5e2+ 52. Kh3 Rxd1 53. g4 {[#]} Re3 $3 {[%mdl 576] Deflection, Promotion} 54. Qxe3 Rh1+ 55. Kg2 d1=Q 56. Qe8+ Kh7 57. Qxh5+ Kg8 58. Qe8+ Bf8 59. Qg6+ Kh8 60. Qxf6+ Bg7 61. Qf4 Qd5+ 62. Qf3 Rh2+ $3 {[%mdl 576] Deflection} 63. Kxh2 Qxf3 64. g5 Be5+ 65. Kg1 Bg3 66. g6 Qf2+ 67. Kh1 Qh2#) 0-1

[Event "3rd Yerevan Open-A 2021"]
[Site "Yerevan"]
[Date "2021.10.20"]
[Round "7.6"]
[White "Pour Agha Bala, Amirreza"]
[Black "Karthik Venkataraman"]
[Result "0-1"]
[WhiteElo "2432"]
[BlackElo "2483"]
[Annotator "TA"]
[PlyCount "84"]
[EventDate "2021.10.14"]
[EventType "swiss"]
[EventCountry "ARM"]
[SourceTitle "playchess.com"]
[Source "ChessBase"]
[SourceQuality "1"]

{[%evp 12,84,23,12,50,34,39,35,33,25,37,33,34,14,39,0,17,18,50,30,18,28,52,63,61,22,27,32,45,40,41,42,113,100,120,129,139,72,83,74,78,63,68,22,27,33,26,0,0,-68,-51,-105,-113,-221,-222,-646,-366,-397,-380,-306,-343,-522,-362,-305,-327,-951,-927,-882,-842,-988,-981,-1496,-1455,-5639,-5514]} 1. e4 c5 2. Nf3 d6 3. d4 cxd4 4. Nxd4 Nf6 5. Nc3 a6 6. h3 e6 7. g4 Be7 {B81: Sicilian Scheveningen: Keres Attack.} 8. g5 Nfd7 9. h4 b5 {White is slightly better.} 10. Bg2 b4 11. Nce2 Bb7 12. Ng3 Nc5 {[#]} 13. Be3 $146 ({Predecessor:} 13. f4 g6 14. Qe2 Nbd7 15. Nb3 Qc7 16. Nxc5 Nxc5 17. h5 O-O-O 18. Bd2 d5 19. e5 {0-1 (36) Vyskocil,N (2374)-Dydyshko,V (2562) Litomysl 2006}) 13... Nbd7 14. f4 Nb6 15. b3 d5 {[%cal Rc5e4]} 16. e5 Ne4 17. Qg4 Qc7 18. O-O Qc3 19. Qf3 Nd7 20. Nge2 Qc7 21. Rac1 g6 (21... Bc5 $14) 22. h5 $16 Rc8 23. Qh3 Rf8 24. hxg6 (24. c4 $142 Ndc5 25. cxd5 Bxd5 26. Rc2) 24... hxg6 25. c4 {Hoping for cxd5.} Ndc5 26. cxd5 Bxd5 27. a3 Qb7 (27... bxa3 $6 28. b4 $16) 28. axb4 Qxb4 29. Bxe4 Bxe4 30. Rc4 (30. Rfd1 $11) 30... Qb7 $15 {...Bd5 is the strong threat.} 31. Rfc1 {[#]} (31. Rcc1 $15) 31... Bd5 $1 $17 32. R4c2 {[#]} (32. R4c3 $17 {was the only chance.}) 32... Kd7 $1 $19 33. Nf5 $2 {[#]} (33. Qf1) 33... Rh8 $1 34. Nh6 {[%cal Re3c5]} (34. Nh4 Nxb3) 34... Nxb3 35. Rxc8 Rxc8 36. Re1 (36. Rxc8 $142 Qxc8 37. Kf2) 36... Qb4 37. Rd1 {And now Rxd5+ would win.} Qe4 {White must now prevent ...Rc2.} ({Resist} 37... Ke8 38. Nxf7 Kxf7 39. f5 $19) 38. Bf2 $2 ({Of course not} 38. Nxf7 Rc2 $19) (38. Ng4 Rc2 39. Nf2) 38... Qxe2 {Black is clearly winning.} 39. Rxd5+ Ke8 {( -> ...Rc1+)} 40. Qd3 Nc1 41. Qh3 Rc2 42. Ng4 exd5 {Weighted Error Value: White=0.84/Black=0.19} 0-1

[Event "3rd Yerevan Open-A 2021"]
[Site "Yerevan"]
[Date "2021.10.20"]
[Round "7.7"]
[White "Tahbaz, Arash"]
[Black "Nadanian, Ashot"]
[Result "1-0"]
[WhiteElo "2459"]
[BlackElo "2317"]
[Annotator "TA"]
[PlyCount "91"]
[EventDate "2021.10.14"]
[EventType "swiss"]
[EventCountry "ARM"]
[SourceTitle "playchess.com"]
[Source "ChessBase"]
[SourceQuality "1"]

{[%evp 16,91,26,12,18,0,28,-30,-11,-47,-42,-52,20,0,18,0,22,-25,0,0,0,0,-1,-19,0,-13,0,0,0,-54,0,0,0,-35,-37,-33,-21,-50,15,0,63,80,83,78,82,96,125,113,162,157,157,156,152,118,129,121,160,116,254,238,346,334,378,379,695,723,716,706,711,703,854,851,827,827,827,822,762,731]} 1. Nf3 Nf6 2. g3 d5 3. Bg2 c6 4. O-O Bf5 5. d3 h6 6. Nbd2 e6 7. b3 Be7 8. Bb2 O-O 9. Qe1 Nbd7 {A07: Réti Opening: New York and Capablanca Systems.} 10. e4 Bh7 11. Nh4 (11. Qe2 $142) 11... a5 $11 {[%cal Ba7a5,Ba5a4][%mdl 32] Black has an edge.} 12. a3 {[#]} a4 $146 ({Predecessor:} 12... Qb6 13. Kh1 Bc5 14. Qe2 Bd4 15. c3 Bc5 16. f4 Be7 17. c4 dxe4 18. dxe4 Nc5 19. Bd4 Rad8 {½-½ (68) Zhou,J (2668)-Potkin,V (2626) Ningbo 2010}) 13. b4 Ne8 (13... dxe4 $15 14. dxe4 c5) 14. f4 Bf6 15. e5 Be7 (15... Qb6+ {feels hotter.} 16. Qf2 Qxf2+ 17. Rxf2 Be7 18. Nf1 c5) 16. f5 (16. Nhf3 {seems wilder.} Nc7 17. Qe3 Bg6 18. Rfc1 Rb8 19. Qe2) 16... Bxh4 17. fxe6 $1 fxe6 18. gxh4 Rxf1+ 19. Nxf1 Nc7 20. Qg3 Qe7 21. Ne3 Rf8 22. Bh3 (22. Rf1 $11) 22... Kh8 (22... c5 $15) 23. Rf1 Rxf1+ 24. Kxf1 c5 25. bxc5 Qxc5 {And now ...d4 would win.} 26. Qf4 Bg8 (26... Nb8 $15) 27. Ke2 Nb5 (27... Nb8 $11) 28. Qb4 $14 ({Much worse is} 28. Qxa4 d4 $15) 28... Qxb4 29. axb4 a3 30. Ba1 d4 31. Nc4 a2 {Black wants to play ...Nc3+.} 32. Kd2 Nc3 {[#] and if ...b5 works, Black does fine.} 33. Bg2 $1 b5 {[#]} 34. Bc6 $1 Nb8 ({Avoid the trap} 34... bxc4 $2 35. Bxd7 cxd3 36. Kxd3 $18) 35. Na5 Bf7 36. Bg2 Be8 {Black cannot hold the game after this.} (36... Nd5 $16) 37. Nb3 $18 Nb1+ (37... Bd7 {was called for.} 38. Nxd4 (38. Bxc3 dxc3+ 39. Kxc3 Bc6 $16) 38... Nd5 39. Bxd5 exd5) 38. Kc1 Bc6 39. Bh3 Nd7 $2 (39... Bd7 40. Nxd4 Na6 41. Bxe6 Bxe6) 40. Nxd4 {White is clearly winning.} Nxe5 41. Nxe6 Nf3 42. Nxg7 Ng1 43. Nh5+ Kh7 44. Bf5+ Kg8 45. Be6+ {[%mdl 64] Double Attack} Kh7 46. Bxa2 {Weighted Error Value: White=0.16/Black=0.40} 1-0

[Event "3rd Yerevan Open-A 2021"]
[Site "Yerevan"]
[Date "2021.10.20"]
[Round "7.8"]
[White "Urazayev, Arystanbek"]
[Black "Erigaisi Arjun"]
[Result "1/2-1/2"]
[WhiteElo "2451"]
[BlackElo "2634"]
[Annotator "TA"]
[PlyCount "95"]
[EventDate "2021.10.14"]
[EventType "swiss"]
[EventCountry "ARM"]
[SourceTitle "playchess.com"]
[Source "ChessBase"]
[SourceQuality "1"]

{[%evp 12,95,0,0,0,0,0,-12,0,-6,-2,0,0,0,-9,-11,0,0,0,-15,-19,-17,0,-4,-11,-37,-33,-30,-41,-41,-34,-29,0,-48,-24,-31,-15,-25,-17,-17,-25,-28,-6,-15,0,0,0,-39,-23,-34,-10,-7,-8,-27,-8,-22,-22,-51,0,-4,0,0,0,0,0,0,0,0,0,0,0,0,0,0,0,0,0,0,0,0,0,0,0,0,0,0]} 1. d4 e6 2. c4 d5 3. Nf3 Nf6 4. Nc3 Bb4 5. Qa4+ Nc6 6. a3 Bxc3+ 7. bxc3 Ne4 {D38: Queen's Gambit Declined: Ragozin Defence (4 Nf3 Bb4).} 8. e3 {8.Bf4 is setting a new trend.} Nxc3 9. Qc2 Ne4 10. Bd3 f5 11. O-O O-O 12. Rb1 {[#]} Qe7 $146 ({Predecessor:} 12... Rb8 13. a4 Bd7 14. Ba3 Rf6 15. Rfc1 Rg6 16. Bf1 b6 17. cxd5 exd5 18. Bb5 Qe8 {1-0 (41) Belov,V (2598)-Kazakovskiy,V (2485) Moscow 2019}) 13. Bb2 Rb8 14. Rfc1 Bd7 15. cxd5 exd5 16. Qb3 Be6 17. a4 Na5 18. Qa2 Nc4 $1 19. Bxc4 dxc4 20. Ba3 Nd6 21. Ne5 {[%cal Re5c4]} Bd5 22. Qe2 (22. Rb5 $5 {[%cal Rb5d5]} Qe6 23. Rxd5 Qxd5 24. Nd7 $11 {[%mdl 64] Double Attack}) 22... Rfc8 23. Nxc4 Qe4 {[%csl Gd5][%cal Re4g2] [#]} 24. f3 $1 {[%cal Rf3e4]} Bxc4 25. Qxc4+ Nxc4 26. fxe4 Nxa3 27. Rb3 fxe4 28. Rxa3 $11 {[%mdl 4096] Endgame KRR-KRR} c6 29. Kf2 Rf8+ 30. Kg3 Rbe8 31. Rb3 Rf7 32. Rc5 h6 33. h4 Re6 {Threatening ...Rg6+.} 34. Rb2 Rf1 35. Re5 {The position is equal.} Rxe5 36. dxe5 {KR-KR} b6 37. a5 b5 38. Rc2 b4 39. Rc4 b3 40. Rb4 Rf5 41. Rxb3 {Rb8+ is the strong threat.} Rxe5 42. Rb8+ Kh7 43. Rc8 Rxa5 44. Rxc6 Re5 45. Rc7 a5 46. Kf4 Rb5 47. Ra7 h5 48. Kxe4 {Weighted Error Value: White=0.05/Black=0.05} 1/2-1/2

[Event "3rd Yerevan Open-A 2021"]
[Site "Yerevan"]
[Date "2021.10.20"]
[Round "7.9"]
[White "Pantsulaia, Levan"]
[Black "Babujian, Levon"]
[Result "1/2-1/2"]
[WhiteElo "2570"]
[BlackElo "2447"]
[Annotator "TA"]
[PlyCount "156"]
[EventDate "2021.10.14"]
[EventType "swiss"]
[EventCountry "ARM"]
[SourceTitle "playchess.com"]
[Source "ChessBase"]
[SourceQuality "1"]

{[%evp 19,156,19,54,43,41,71,47,46,66,58,70,45,51,35,29,29,29,37,31,28,29,29,29,14,53,53,66,49,44,67,75,84,74,83,94,84,94,79,79,58,48,61,67,18,100,98,149,156,165,164,173,175,168,170,172,112,235,235,235,235,213,213,293,304,309,318,318,317,308,303,334,282,282,282,282,282,282,282,282,282,282,279,337,253,258,249,297,302,289,284,281,272,268,271,284,236,287,279,278,26,26,26,26,26,23,16,16,16,29,29,29,8,8,8,8,8,8,8,8,8,8,8,8,8,8,8,8,0,8,8,8,8,8,8,8,8,8,8,8]} 1. Nf3 c5 2. c4 Nc6 3. Nc3 e6 4. g3 d5 5. cxd5 exd5 6. d4 Nf6 7. Bg2 Be7 8. O-O O-O 9. dxc5 $1 {[%mdl 4] is recently more successful than 9.Bg5.} Bxc5 10. a3 Re8 11. b4 {D34: Tarrasch Defence: 6 g3 Nf6 7 Bg2 Be7.} Bf8 12. Bb2 Bg4 13. h3 {White is slightly better.} Bh5 14. Rc1 {[#]} a6 $146 ({Predecessor:} 14... Rc8 15. Na4 Ne4 16. g4 Bg6 17. b5 Ne7 18. Qb3 Qd6 19. Rfd1 h5 20. Ne5 Rxc1 21. Rxc1 hxg4 22. hxg4 {0-1 (33) Doshi,M (2256)-Navaratnam,R (2068) Paracin 2019}) 15. e3 a5 16. b5 Ne5 17. g4 {Nxe5 is the strong threat.} Nc4 18. Ba1 Bg6 19. g5 Ne4 20. Nxd5 (20. Qxd5 Nxc3 21. Qxd8 (21. Qxc4 Rc8 $17) 21... Ne2+ 22. Kh1 Raxd8 $15) 20... Rc8 21. Qd4 $36 {[%mdl 2048] White is pushing.} Nxa3 {[#]} (21... Ned6 {looks sharper.} 22. a4 Be4 23. Nc3 Bxf3 24. Bxf3 Qxg5+ 25. Bg2 Qg6) 22. Nc7 Qxd4 23. Bxd4 Red8 24. b6 a4 25. Ra1 Nc4 26. Rfc1 (26. Rxa4 Rxd4 $1 {[%mdl 512]} 27. Rc1 (27. exd4 Nxb6 28. Ra7 Rxc7 $17) 27... Rd6 $11) 26... Rxd4 27. Nxd4 Nxb6 28. Rab1 Ba3 29. Rc2 Nd6 30. e4 $1 (30. Rxb6 Bxc2 31. Nxc2 Bc5 $11) 30... Ndc4 31. Ndb5 {Threatening Nd5.} Be7 (31... Rd8 $11) 32. Rbc1 $16 a3 (32... Bxg5 $142 33. Rxc4 h5) 33. Rxc4 Nxc4 34. Rxc4 h6 35. Ra4 (35. Nd5 Rxc4 36. Nxe7+ Kh7 $11) 35... hxg5 {[#]} 36. Bf3 $1 Bc5 37. Kg2 ({White should try} 37. Kf1 $18) 37... f6 (37... Rd8 $16) 38. Bg4 $18 Rb8 39. Be6+ Kh7 40. Bd5 Kh6 41. Nxa3 Bd6 42. Nab5 Be5 43. Ne6 Be8 44. Rb4 g6 45. Nbd4 b5 46. Nc6 Bxc6 47. Bxc6 Rb6 48. Bd5 (48. Bxb5 Rxe6 49. Bc4 Rc6 $11) (48. Rxb5 Rxc6 49. Nd8 Rc7 $11) 48... Bc3 49. Rb1 b4 50. Bb3 f5 51. Kf3 Ra6 52. Ke3 Kh5 53. Nc7 Rc6 54. Nd5 Kh4 55. Rg1 Bb2 56. Kd3 Be5 57. f3 Bh2 58. Rg2 Bg3 59. Rc2 $2 (59. Re2 $18) 59... Rxc2 $1 $11 60. Bxc2 {Strongly threatening Kc4.} ({Not} 60. Kxc2 Kxh3 61. Nf6 (61. Nxb4 g4 $16) 61... Bc7 $18) 60... Kxh3 61. exf5 b3 $1 62. Bxb3 gxf5 63. Ke2 Kh2 64. Bc2 g4 65. f4 Bf2 $1 {Threatens to win with ...g3.The position is equal.} 66. Bxf5 ({Don't go for} 66. Kxf2 $2 g3+ 67. Ke3 g2 $19) 66... g3 {White must now prevent ...g2.} 67. Be4 {And now Ne3 would win.} g2 {[#]} 68. Bxg2 $1 Kxg2 {[%mdl 4096] Endgame KB-KN} 69. Ne3+ (69. f5 $5 {[%cal Rd5e3]}) 69... Kg1 $1 70. f5 Bh4 71. Kf3 Bf6 72. Ke4 (72. Nd1 {keeps more tension.} Bd4 73. Kf4 Kh2 74. Ke4 Bh8 75. Kf3) 72... Bh8 73. Kf3 Bf6 74. Kf4 (74. Ng4 {seems wilder.} Bd4 75. Kg3 Kf1 76. Kf4 Bg7 77. Kf3) 74... Bh8 75. Kg5 Kf2 76. Ng4+ Kf3 77. Nf6 Bg7 78. Kg6 Bh8 {Black escapes into a draw.  Weighted Error Value: White=0.16/Black=0.13} 1/2-1/2